| 000 | 00581nam a22002057a 4500 | ||
|---|---|---|---|
| 003 | OSt | ||
| 005 | 20140310182845.0 | ||
| 008 | 130611t xxu||||| |||| 00| 0 eng d | ||
| 020 | _a0815108761 | ||
| 050 |
_aRC 735 _b.B645 1994 |
||
| 082 |
_aM 681.761 _bB61 1994 |
||
| 245 |
_aRespiratory care equipment : _bassembly and troubleshooting / _cBlazer, Christina |
||
| 260 |
_aUSA _bSt. Louis, Mo. : Mosby-Year Book _cc1994 |
||
| 300 |
_av, 86 p. _bill. ; _c17 cm. |
||
| 521 | _aCollege Students | ||
| 526 | _c1210L-1700L | ||
| 541 | _j1 | ||
| 562 | _e1 | ||
| 942 |
_2lcc _cBK _kM |
||
| 999 |
_c16913 _d16913 |
||